000 00403pab a2200145 454500
008 180718b1983 xxu||||| |||| 00| 0 eng d
100 _aSukthankar, D.M
245 _aDeteriorating condition of roads in the city of Greater Bombay
260 _c1983
300 _a4-9
362 _aAug.
650 _aRoads - Maintenance and Repair - India - Bombay
773 _aBombay Civic Journal
909 _a17277
999 _c17277
_d17277